Μακροοικονομική θεωρία και πολιτική
Αποθηκεύτηκε σε:
| Κύριοι συγγραφείς: | , |
|---|---|
| Συγγραφή απο Οργανισμό/Αρχή: | |
| Άλλοι συγγραφείς: | , |
| Μορφή: | Βιβλίο |
| Γλώσσα: | Greek |
| Δημοσίευση: |
Πάτρα :
Ελληνικό Ανοικτό Πανεπιστήμιο,
2001.
Πάτρα : 2001. |
| Θέματα: | |
| Ετικέτες: |
Προσθήκη ετικέτας
Δεν υπάρχουν, Καταχωρήστε ετικέτα πρώτοι!
|
MARC
| LEADER | 00000cam a2200000 i 4500 | ||
|---|---|---|---|
| 001 | 1/42292 | ||
| 008 | 070313s2001 gr | ||| |||| ||gre|| | ||
| 008 | 070312s2001 gr | ||| |||| ||gre|| | ||
| 020 | |a 9605383144 |q (σετ) | ||
| 020 | |a 9605383152 |q (τ.2) |q (μέρος Α') | ||
| 020 | |a 9605383160 |q (τ.3) |q (μέρος Β') | ||
| 020 | |a 9605383098 (τ.Α) | ||
| 035 | |l 10087306 | ||
| 035 | |l 10087300 | ||
| 040 | |a GR-MY-UA |b gre |e aacr | ||
| 040 | |a GR-MY-UA |b gre |e aacr | ||
| 041 | 0 | |a gre | |
| 041 | 0 | |a gre | |
| 082 | 7 | |a 339 |2 (22) | |
| 082 | 7 | |a 338.5 |2 (22) | |
| 100 | 1 | |a Κατσέλη, Λούκα Τ. | |
| 100 | 1 | |a Πιτέλης, Χρήστος. | |
| 245 | 1 | 0 | |a Μακροοικονομική θεωρία και πολιτική / |c Λούκα Κατσέλη, Θεοχαρούλα Μαγούλα, Αλέξανδρος Μοναστηριώτης ; Ελληνικό Ανοικτό Πανεπιστήμιο. |
| 245 | 1 | 0 | |a Μικροοικονομική / |c Χρήστος Πιτέλης, Αναστασία Ψειρίδου ; Ελληνικό Ανοικτό Πανεπιστήμιο. |
| 260 | |a Πάτρα : |b Ελληνικό Ανοικτό Πανεπιστήμιο, |c 2001. | ||
| 260 | |a Πάτρα : |b Ελληνικό Ανοικτό Πανεπιστήμιο, |c 2001. | ||
| 300 | |a τ. : |b πίν., σχ. ; |c 28 εκ. | ||
| 300 | |a τ. : |b σχ. ; |c 28 εκ. | ||
| 500 | |a Σχολή Κοινωνικών Επιστημών, Πρόγραμμα Σπουδών: Διοίκηση Επιχειρήσεων και Οργανισμών, Θεματική Ενότητα: Οικονομική Ανάλυση και Πολιτική. | ||
| 500 | |a Σχολή Κοινωνικών Επιστημών, Πρόγραμμα Σπουδών: Διοίκηση Επιχειρήσεων και Οργανισμών, Θεματική Ενότητα: Οικονομική Ανάλυση και Πολιτική. | ||
| 504 | |a Περιέχει βιβλιογραφικές παραπομπές. | ||
| 504 | |a Περιέχει βιβλιογραφικές παραπομπές. | ||
| 650 | 0 | 0 | |a Economics. |
| 650 | 0 | 0 | |a Macroeconomics. |
| 650 | 0 | 0 | |a Microeconomics. |
| 700 | 1 | |a Μαγουλά, Θεοχαρούλα Μ. | |
| 700 | 1 | |a Ψειρίδου, Αναστασία. | |
| 710 | 2 | |a Ελληνικό Ανοικτό Πανεπιστήμιο. | |
| 774 | 1 | |t Οικονομική ανάλυση και πολιτική | |
| 774 | 1 | |t Οικονομική ανάλυση και πολιτική | |
| 901 | |a BIBL1-2007-1 | ||
| 901 | |a BIBL1-2007-1 | ||
| 909 | |a Λ |b 131896 | ||
| 909 | |a Λ |b 131884 | ||
| 909 | |a Λ |b 131891 | ||
| 970 | |a ΧΑΤΖΗΜΙΧΑΗΛ |b ΜΑΡΙΑ |z 2007/03/13 | ||
| 970 | |a ΧΑΤΖΗΜΙΧΑΗΛ |b ΜΑΡΙΑ |z 2007/03/12 | ||